Central Library OPAC University of Rajshahi

Science and Technology of Tributyl phosphate / (Record no. 12434)

MARC details
000 -LEADER
fixed length control field 01194nam a2200325 a 4500
001 - CONTROL NUMBER
control field 12434
003 - CONTROL NUMBER IDENTIFIER
rucl marc code BD-RjUL
005 - DATE AND TIME OF LATEST TRANSACTION
control field 20211208235307.0
008 - FIXED-LENGTH DATA ELEMENTS--GENERAL INFORMATION
fixed length control field 140128s1987 flua b 001 0 eng
020 ## - INTERNATIONAL STANDARD BOOK NUMBER
International Standard Book Number 0849363993 (volume II, Part B)
International Standard Book Number 0849363950 (series)
International Standard Book Number 0849363977 (volume II, set)
035 ## - SYSTEM CONTROL NUMBER
System control number CURL 980083007774(Lc ) from mbc173
-- (BD-RjUL)12483
040 ## - CATALOGING SOURCE
Original cataloging agency UkOxU
Language of cataloging eng
Transcribing agency UkOxU
Modifying agency BD-RjUL
041 ## - LANGUAGE CODE
Language code of text/sound track or separate title eng
082 04 - DEWEY DECIMAL CLASSIFICATION NUMBER
Classification number 547.41
Author mark and year SCI 1987
245 00 - TITLE STATEMENT
Title Science and Technology of Tributyl phosphate /
Statement of responsibility, etc. editors, Wallace W. Schulz, James D. Navratil, Teresa Bess.
260 ## - PUBLICATION, DISTRIBUTION, ETC. (IMPRINT)
Place of publication, distribution, etc. Boca Raton, Florida :
Name of publisher, distributor, etc. CRC Press,
Date of publication, distribution, etc. c1987.
300 ## - PHYSICAL DESCRIPTION
Pagination [10], 146 p.:
Illustrations ill. ;
Size 27 cm
504 ## - BIBLIOGRAPHY, ETC. NOTE
Bibliography, etc Includes bibliographical references and indices
650 #0 - SUBJECT ADDED ENTRY--TOPICAL TERM
Topical term or geographic name as entry element Tributyl phosphate
9 (RLIN) 38656
Topical term or geographic name as entry element Tributyl phosphate
General subdivision Analysis
9 (RLIN) 38657
Topical term or geographic name as entry element Tributyl phosphate
General subdivision Industrial applications
9 (RLIN) 38658
700 1# - ADDED ENTRY--PERSONAL NAME
Personal name Schulz, Wallace W., ed.
Personal name Navratil, James D.,ed.
Dates associated with a name 1941-
Personal name Bess, Teresa, ed.
942 ## - ADDED ENTRY ELEMENTS (KOHA)
Source of classification or shelving scheme Dewey Decimal Classification
Koha item type Books
Holdings
Lost status Source of classification or shelving scheme Damaged status Not for loan Collection code Permanent Location Current Location Shelving location Date acquired Source of acquisition Cost, normal purchase price Total Checkouts Full call number Date last seen Copy number Koha item type
  Dewey Decimal Classification   Not For Loan Non-fiction Central Library, University of Rajshahi Central Library, University of Rajshahi Reading Room 31/05/1990 Asia Foundation. 0.00   547.41 SCI V-2, Pt-4-B 1987 28/01/2014 C-1 Books
  Dewey Decimal Classification   Not For Loan Non-fiction Central Library, University of Rajshahi Central Library, University of Rajshahi Reading Room 31/05/1990 Asia Foundation     547.41 SCI V-2, Pt-B 1987 25/05/2017 C-1 Books